Special resolution ... of the National Association of Auctioneers, House Agents, Rating Surveyors, and Valuers, Limited (Record no. 114313)

MARC details
000 -LEADER
fixed length control field 00787cam a22001935a 4500
001 - CONTROL NUMBER
control field L156602
008 - FIXED-LENGTH DATA ELEMENTS--GENERAL INFORMATION
fixed length control field 120612s1926 xxk f 000 0 eng d
035 ## - SYSTEM CONTROL NUMBER
System control number (Sirsi) u156602
041 0# - LANGUAGE CODE
Language code of text/sound track or separate title eng
110 2# - MAIN ENTRY--CORPORATE NAME
Corporate name or jurisdiction name as entry element National Association of Auctioneers, House Agents, Rating Surveyors and Valuers
9 (RLIN) 4989
245 00 - TITLE STATEMENT
Title Special resolution ... of the National Association of Auctioneers, House Agents, Rating Surveyors, and Valuers, Limited
260 ## - PUBLICATION, DISTRIBUTION, ETC.
Place of publication, distribution, etc. London
Name of publisher, distributor, etc. Jordan & Sons
Date of publication, distribution, etc. 1926
300 ## - PHYSICAL DESCRIPTION
Extent 1 sheet
Dimensions 33 cm.
520 ## - SUMMARY, ETC.
Summary, etc. A special resolution passed at an Extraordinary General Meeting on 30 July 1926, which makes various changes to the Articles of Association of the NAA.
651 #4 - SUBJECT ADDED ENTRY--GEOGRAPHIC NAME
Geographic name Great Britain
Chronological subdivision 1707-
690 ## - LOCAL SUBJECT ADDED ENTRY--TOPICAL TERM (OCLC, RLIN)
Topical term or geographic name as entry element Auctioneering
9 (RLIN) 6218
690 ## - LOCAL SUBJECT ADDED ENTRY--TOPICAL TERM (OCLC, RLIN)
Topical term or geographic name as entry element Valuation
9 (RLIN) 6273
942 ## - ADDED ENTRY ELEMENTS (KOHA)
Suppress in OPAC 0
Holdings
Withdrawn status Lost status Source of classification or shelving scheme Damaged status Not for loan Home library Current library Shelving location Date acquired Total Checkouts Full call number Barcode Date last seen Copy number Price effective from Koha item type
    Dewey Decimal Classification     Historic collection Historic collection RICS Boxes 12/06/2012   RICS 1926/10 30077579 06/08/2019 1 06/08/2019 Archive